000 00874nam a22002417a 4500
005 20130924154602.0
010 _aENG-104654
020 _a9788174469861
_c295.00
035 _aEN-88187
035 _aB-492165-174
037 _bDBAD/PUB
037 _bVirtuous Pub/Ven
082 _a658.4092
100 _aMohapatra, Mamta
245 _aYoung leaders success code :
_cby Mamta Mohapatra [and] Narendra Nath Akhouri
_bthe inspiring stories of young achievers /
260 _aNew Delhi
_bExcel Books
_c2011
270 _aA-45, Naraina, Phase1
_bNew Delhi
_e110028
300 _axxii,225p.
_c22cm(pbk)
500 _aIncludes bibliographical references
700 _aAkhouri, Narendra Nath
_938637
942 _2ddc
_cEN
_mMOH
_h658.4092
999 _c60541
_d60541